00903cam a2200241 a 45000010008000000030009000080050017000170080041000340100017000750200027000920250014001190400028001330500022001610820020001832450176002032600110003793000026004895000020005156500016005357000032005517000032005837100046006152956581BDDh-ASL20231015030504.0910627s1990 ii b 001 0 eng  a 90904997  a8185292051 :cRs200.00 aI E 63287 aDLCcDLCdDLCdBDDh-ASL00aB132.L6bC32 199000a181.4220bCAR 00aCārvāka/Lokāyata :ban anthology of source materials and some recent studies /cedited by Debiprasad Chattopadhyaya in collaboration with Mrinal Kanti Gangopadhyaya. aNew Delhi :bIndian Council of Philosophical Research in association with R̥ddhi-India, Calcutta,c1990. axv, 543 p. : c22 cm. aIncludes index. 0aLokāyata.1 aChattopadhyaya, Debiprasad.1 aGangopadhyaya, Mrinalkanti.2 aIndian Council of Philosophical Research.